| 000 | 00735cam a22002414a 4500 | ||
|---|---|---|---|
| 001 | 12869511 | ||
| 005 | 20180301032516.0 | ||
| 008 | 020725s2002 njua b 001 0 eng | ||
| 010 | _a 2002029023 | ||
| 020 | _a013009403X (pbk.) | ||
| 040 |
_aDLC _cDLC _dDLC |
||
| 041 | _aeng | ||
| 042 | _apcc | ||
| 080 | _a004/.0684 LOU | ||
| 082 | 0 | 0 |
_a004/.0684 LOU _221 |
| 100 | 1 | _a35 | |
| 101 | _aSHK | ||
| 245 | 1 | 0 |
_aIT leadership alchemy / _cLou Russell, Jeff Feldman. |
| 504 | _aIncludes bibliographical references (p. 239-241) and index. | ||
| 906 |
_a7 _bcbc _corignew _d1 _eocip _f20 _gy-gencatlg |
||
| 942 |
_2ddc _cBK |
||
| 999 |
_c43743 _d43743 |
||